105 pytań o Polsce (#1) - Statystyki

Ogólne statystyki
  • Ten quiz został rozwiązany 56 razy
    26 od ostatniego zresetowania
  • Średni wynik to 79 z 105
Statystyki odpowiedzi
Pytanie Odpowiedź % Poprawnych
B
100%
C
100%
Ć
100%
E
100%
Ę
100%
I
100%
K
100%
O
100%
Ó
100%
Wymień wszystkie litery alfabety Polskiego A
96%
Ą
96%
D
96%
F
96%
G
96%
H
96%
J
96%
L
96%
Ł
96%
M
96%
R
96%
S
96%
Ś
96%
W
96%
Kiedy miała miejsce bitwa pod Grunwaldem? 1410
92%
N
92%
Ń
92%
P
92%
T
92%
U
92%
Z
92%
Ź
92%
Ż
92%
Ile województw ma Polska? 16
88%
W którym roku Polska przystąpiła do Unii Europejskiej? 2004
88%
Cz
88%
Które z poniższych miast leży nad morzem: A. Katowice B. Gdańsk C. Kraków D. Łódź Gdańsk
88%
Jakie góry leżą na południu Polski:A. Sudety B. Tatry C. Karpaty Karpaty
88%
(104 km) Litwa
88%
Jakie państwa graniczą z Polską (467 km) Niemcy
88%
(210 km) Rosja / Kaliningrad
88%
Które z tych miast NIE leży w Polsce:A. Szczecin B. Trenczyn C. Opole D. Rzeszów Trenczyn
88%
(X) | W który wieku Polska przyjęła chrzest? X
88%
Y
88%
Jakie tradycyjne danie je się w Polsce na Wigilię:A. Barszcz z uszkami B. Bigos C. Kiełbasa D. Kaczka z jabłkami Barszcz z uszkami
83%
Jakie kolory ma polska flaga? Biały
83%
(796 km) Czechy
83%
Jakie kolory ma polska flaga? Czerwony
83%
Dz
83%
83%
83%
W jakim mieście leży Zamek Królewski na Wawelu? Kraków
83%
Które z tych tańców to taniec ludowy:A. Tango B. Walc C. Oberek D. Twist Oberek
83%
Rz
83%
(541 km) Słowacja
83%
Jakie góry leżą na południu Polski:A. Sudety B. Tatry C. Karpaty Tatry
83%
(535 km) Ukraina
83%
Na której rzece leży Warszawa? | Najdłuższa rzeka Polski to: Wisła
83%
Kto napisał „Pana Tadeusza”? Adam Mickiewicz
79%
(418 km) Białoruś
79%
Kto był pierwszym królem Polski? Bolesław Chrobry
79%
Który z tych pisarzy otrzymał Nagrodę Nobla:A. Stefan Żeromski B. Czesław Miłosz C. Witold Gombrowicz D. Julian Tuwim Czesław Miłosz
79%
W jakim miesiącu odbywa się święto Trzech Króli? Styczeń
79%
Sz
79%
Jakie miasto jest stolicą Polski? Warszawa
79%
W jakim roku Polska przyjęła chrzest? 966
75%
Kto był przywódcą „Solidarności”? Lech Wałęsa
75%
Jak nazywa się hymn Polski? Mazurek Dąbrowskiego
75%
Język urzędowy w Polsce Polski
75%
Kto był prezydentem Polski w czasie wprowadzenia stanu wojennego w 1981 roku? Wojciech Jaruzelski / Lech Wałęsa
75%
Waluta Polski Złoty
75%
Dwuznaki i trójznaki Ch
71%
Obecny premier Polski (stan na 2025) Donald Tusk
71%
Na jakim kontynencie leży Polska Europa
71%
Kto obchodzi imieniny 6 grudnia? Mikołaj
71%
(Q) Q
71%
Najwyższy szczyt Polski to: Rysy
71%
Karol Nawrocki
67%
Pełna nazwa Polski Rzeczpospolita Polska
67%
(V) V
67%
Jaką częścią mowy jest słowo „szybko” Przysłówek
63%
Rafał Trzaskowski
63%
W którym roku uchwalono Konstytucję 3 Maja? 1791
58%
Czym są „mazurki”? Ciasto
54%
Gdzie znajduje się Jasna Góra? Częstochowa
54%
Sławomir Mentzen
54%
Grzegorz Braun
50%
Jak nazywała się pierwsza dynastia panująca w Polsce? Piastowie
50%
Adrian Zandberg
46%
Joanna Senyszyn
46%
Krzysztof Stanowski
46%
Ilu posłów zasiada w Sejmie RP? 460
42%
Co znajduje się w godle Polski? Biały orzeł z koroną / Biały orzeł
42%
Szymon Hołownia
42%
Przez jaki kraj Polska została zaatakowana 1 września 1939 roku? 3 Rzesza / III Rzesza
38%
Który z królów polskich pokonał Turków pod Wiedniem w 1683 roku? Jan III Sobieski
33%
Magdalena Biejat
33%
Marek Jakubiak
33%
Jakie święto obchodzimy 11 listopada? Dzień Niepodległości
29%
Maciej Maciak
29%
Marek Woch
17%
Kandydaci na prezydenta Polski 2025 Artur Bartosiewicz
13%
Co symbolizuje ….. ….. w godle Polski? Odwagę / niezależność
4%
Jak nazywała się okupacja Polski przez Niemcy podczas II wojny światowej? Okupacja nazistowska
4%
Nie znaleziono quizów pasujących do podanych kryteriów
Rozkład punktacji
Procent ludzi z każdym wynikiem
Percentyl według liczby udzielonych odpowiedzi
Twoja historia wyników
Nie rozwiązałeś tego quizu od ostatniego zresetowania